After Hours Tracklist (The Weeknd) - Statistics

General Stats
  • This quiz has been taken 90 times
  • The average score is 12 of 14
Answer Stats
Hint Answer % Correct
13 After Hours
97%
9 Blinding Lights
89%
7 Heartless
89%
11 Save Your Tears
89%
1 Alone Again
86%
8 Faith
85%
5 Snowchild
85%
2 Too Late
85%
10 In Your Eyes
80%
4 Scared To Live
80%
6 Escape From LA
78%
3 Hardest To Love
78%
14 Until I Bleed Out
75%
12 Repeat After Me (Interlude)
69%
No matching quizzes found
Score Distribution
Percent of People with Each Score
Percentile by Number Answered
Your Score History
You have not taken this quiz